L'origine et l'evolution de la vie / (Record no. 116224)

MARC details
000 -LEADER
campo de control de longitud fija 00552nam a2200169 4500
001 - NÚMERO DE CONTROL
campo de control 116224
003 - IDENTIFICADOR DE NÚMERO DE CONTROL
campo de control ES-MaACL
005 - FECHA Y HORA DE LA ÚLTIMA TRANSACCIÓN
campo de control 20230906190648.0
007 - CAMPO FIJO DE DESCRIPCIÓN FÍSICA--INFORMACIÓN GENERAL
campo de control de longitud fija t|
008 - DATOS DE LONGITUD FIJA--INFORMACIÓN GENERAL
campo de control de longitud fija 061121s1921 fr r ||||1| fre d
100 1# - ENTRADA PRINCIPAL--NOMBRE DE PERSONA
Nombre de persona Osborn, Henry Fairfield.
9 (RLIN) 87718
245 12 - MENCIÓN DEL TÍTULO
Título L'origine et l'evolution de la vie /
Mención de responsabilidad, etc. Henry Fairfield Osborn ; edition française avec préface et notes par Félix Sartiaux.
260 ## - PUBLICACIÓN, DISTRIBUCIÓN, ETC.
Lugar de publicación, distribución, etc. Paris :
Nombre del editor, distribuidor, etc. Corbeil-Crété,
Fecha de publicación, distribución, etc. 1921.
300 ## - DESCRIPCIÓN FÍSICA
Extensión XXXV, 304 p. ;
Dimensiones 24 cm.
700 1# - ENTRADA AGREGADA--NOMBRE PERSONAL
Nombre de persona Sartiaux, Félix.
9 (RLIN) 103882
852 ## - LOCALIZACIÓN
Ubicación ES-MaACL
Número de control de estantería B-11493
Holdings
Estatus retirado Estado de pérdida Estado de daño No para préstamo Biblioteca de origen Biblioteca actual Ubicación en estantería Fecha de adquisición Fuente de adquisición Total de préstamos Signatura topográfica completa Código de barras Visto por última vez Precio de reemplazo Tipo de ítem Koha
        Biblioteca del Ateneo de Madrid Biblioteca del Ateneo de Madrid Sala Pardo Bazán 17/01/2008     B-11493 1121199 23/02/2023 23/02/2023 Libro impreso